=LDR 00000nam 2200000 4500 =001 NUTBA000000000000447 =005 20250306082310 =035 ##$$a 0010-031400000000446 =008 250306################c##########0#ind## =020 ##$$a 978-602-8714-69-3 =082 ##$$a 028.5 =090 ##$$a 028.5 Tau m =100 ##$$a Taufik Remington =245 1#$$a Menjadi pribadi yang sopan /$c Taufik Remington =260 ##$$a Bandung :$b Sarana Ilmu Pustaka,$c 2012 =300 ##$$a iv, 70 hlm : $b illus ; $c 21 x 15 cm =650 #4$$a Bacaan anak-anak =850 ##$$a NBPBMAT =084 ##$$a 028.5 TAU m =990 ##$$a 91273/BPAP-NTB/2014 =990 ##$$a 0001/BPAP-NTB/20142014 =990 ##$$a 0001/BPAP-NTB/20142014 =990 ##$$a 21305292 =990 ##$$a 3120731207 =990 ##$$a 21305290 =990 ##$$a 91273/BPAP-NTB/2014 =990 ##$$a 0001/BPAP-NTB/20142014 =990 ##$$a 0001/BPAP-NTB/20142014 =990 ##$$a 21305292